[Event "Rated Blitz tournament YkbBgbBx"]
[Site "?"]
[Date "2021.03.25"]
[Round "?"]
[White "koncheto"]
[Black "King_bg03"]
[Result "1/2-1/2"]
[WhiteElo "2437"]
[BlackElo "2416"]
[PlyCount "150"]
[EventDate "2021.??.??"]
[EventType "blitz"]

1. e4 e5 2. Nf3 d5 3. Nxe5 Bd6 4. Nf3 dxe4 5. Nd4 Nf6 6. Nc3 Bc5 7. Nb3 Bb6 8.
Be2 O-O 9. O-O Nc6 10. d3 Bf5 11. dxe4 Nxe4 12. Nxe4 Bxe4 13. c3 Qf6 14. Be3
Bxe3 15. fxe3 Qg5 16. Bf3 Qxe3+ 17. Kh1 Rad8 18. Qe1 Qxe1 19. Raxe1 Bxf3 20.
Rxf3 Rfe8 21. Ref1 f6 22. h3 Re2 23. R3f2 Rxf2 24. Rxf2 Ne5 25. Nd4 c5 26. Ne6
Rd1+ 27. Kh2 b6 28. Re2 Kf7 29. Nc7 Rd7 30. Nb5 a6 31. Na3 b5 32. Nc2 Rd1 33.
Ne3 Ra1 34. a3 Rb1 35. Nf5 Nc4 36. b4 g6 37. Ng3 cxb4 38. axb4 Rc1 39. Ne4 f5
40. Ng5+ Kf6 41. h4 Rxc3 42. Nxh7+ Kg7 43. Ng5 Rb3 44. Re7+ Kf8 45. Re6 Rxb4
46. Rxa6 Ne5 47. Re6 Rxh4+ 48. Kg1 Rg4 49. Nh3 Nf7 50. Rb6 b4 51. Nf2 Rc4 52.
Rxg6 Ke7 53. Rb6 Nd6 54. Nd3 Ne4 55. Rxb4 Rc3 56. Nf4 Kf6 57. Nd5+ Ke5 58. Nxc3
Nxc3 59. Rb3 Ne4 60. Kf1 Kf4 61. Rf3+ Ke5 62. Ke2 Ng5 63. Rg3 Kf4 64. Ra3 Ne4
65. Ra4 Kg3 66. Ke3 Kxg2 67. Kf4 Ng3 68. Ra3 Ne2+ 69. Kxf5 Kf2 70. Ke4 Ng3+ 71.
Kf4 Ne2+ 72. Kg4 Ke1 73. Kf3 Nd4+ 74. Ke3 Nc2+ 75. Kd3 Nxa3 {Normal} 1/2-1/2

[Event "Rated Blitz game"]
[Site "?"]
[Date "2021.03.25"]
[Round "?"]
[White "persian_golff"]
[Black "Dzon_Vejn"]
[Result "0-1"]
[WhiteElo "2491"]
[BlackElo "2463"]
[PlyCount "104"]
[EventDate "2021.??.??"]
[EventType "blitz"]

1. e4 e5 2. Nf3 d5 3. Nc3 d4 4. Ne2 f6 5. Ng3 Be6 6. Bb5+ c6 7. Ba4 Nd7 8. Bb3
Nc5 9. Bxe6 Nxe6 10. d3 Bd6 11. Nf5 Ne7 12. Nxe7 Qxe7 13. Nh4 g6 14. g3 O-O-O
15. Bd2 Kb8 16. Qe2 Rhf8 17. O-O-O c5 18. Kb1 Rc8 19. Rhf1 b5 20. f4 c4 21.
fxe5 fxe5 22. Rxf8 Nxf8 23. Bh6 Ne6 24. Rf1 Kb7 25. Qf3 Rc7 26. Nf5 Qd7 27.
Nxd6+ Qxd6 28. b3 cxd3 29. cxd3 Rc3 30. Bd2 Rc7 31. Rc1 Rxc1+ 32. Bxc1 Qe7 33.
h4 Kb6 34. Qg4 a5 35. Bd2 b4 36. h5 gxh5 37. Qxh5 Nc5 38. Qf3 Qe6 39. g4 Kb5
40. Kc2 a4 41. bxa4+ Nxa4 42. Kb1 Nc3+ 43. Bxc3 bxc3 44. Qd1 Kc6 45. Qa4+ Kc7
46. Qa7+ Kd6 47. Qb8+ Ke7 48. Qc7+ Kf6 49. Qd8+ Kg6 50. Qh4 Qb6+ 51. Kc2 Qb2+
52. Kd1 Qd2# {Normal} 0-1

[Event "Rated Rapid game"]
[Site "?"]
[Date "2021.03.25"]
[Round "?"]
[White "Hammurapi65"]
[Black "todosarrugan"]
[Result "1/2-1/2"]
[WhiteElo "2573"]
[BlackElo "2375"]
[PlyCount "108"]
[EventDate "2021.??.??"]
[EventType "rapid"]

1. e4 e5 2. Nf3 d5 3. d3 Nc6 4. exd5 Qxd5 5. Nc3 Bb4 6. Bd2 Bxc3 7. Bxc3 Bg4 8.
Be2 O-O-O 9. O-O f6 10. h3 Bh5 11. Nd2 Bxe2 12. Qxe2 Nge7 13. f4 Ng6 14. fxe5
Ncxe5 15. Qe4 Rhe8 16. Qxd5 Rxd5 17. Rae1 Rdd8 18. Re3 Nf7 19. Rfe1 Nd6 20. Nf3
Kd7 21. a4 Rxe3 22. Rxe3 Re8 23. Rxe8 Kxe8 24. Kf2 Kd7 25. h4 h6 26. g3 c5 27.
h5 Ne7 28. b3 Ke6 29. Nh4 Nd5 30. Bd2 a6 31. Kf3 b5 32. axb5 axb5 33. g4 Nf7
34. Ng6 Ne5+ 35. Nxe5 Kxe5 36. c4 bxc4 37. dxc4 Ne7 38. Bc3+ Ke6 39. b4 cxb4
40. Bxb4 Nc6 41. Bf8 Kf7 42. Bd6 Ke6 43. Bf4 f5 44. gxf5+ Kxf5 45. c5 Ne7 46.
Bd6 Nc6 47. Bf8 Kf6 48. Ke4 g6 49. hxg6 Kxg6 50. Kd5 Nb4+ 51. Kc4 Nc6 52. Bxh6
Kxh6 53. Kb5 Ne5 54. c6 Nxc6 {Normal} 1/2-1/2

[Event "Rated Blitz game"]
[Site "?"]
[Date "2021.03.25"]
[Round "?"]
[White "SweetChinMusic_04"]
[Black "Dzon_Vejn"]
[Result "0-1"]
[WhiteElo "2432"]
[BlackElo "2440"]
[PlyCount "30"]
[EventDate "2021.??.??"]
[EventType "blitz"]

1. e4 e5 2. Nf3 d5 3. exd5 e4 4. Nd4 Qxd5 5. Nb3 Qe5 6. Nc3 Nc6 7. Be2 Nf6 8.
O-O Bd6 9. g3 h5 10. f4 Qf5 11. Bf3 exf3 12. Qxf3 h4 13. d4 hxg3 14. hxg3 Qh3
15. Kf2 Bg4 {Normal} 0-1

[Event "Rated Blitz game"]
[Site "?"]
[Date "2021.03.25"]
[Round "?"]
[White "sgillani051"]
[Black "karenamini_kish"]
[Result "1-0"]
[WhiteElo "2407"]
[BlackElo "2387"]
[PlyCount "51"]
[EventDate "2021.??.??"]
[EventType "blitz"]

1. e4 e5 2. Nf3 d5 3. exd5 e4 4. Qe2 Qe7 5. Nd4 Nf6 6. c4 c5 7. Nb3 Na6 8. a3
Bf5 9. Nc3 O-O-O 10. h3 h5 11. Qe3 g6 12. Be2 Bh6 13. Qg3 h4 14. Qh2 Nh5 15.
Bxh5 gxh5 16. Nb5 Rhg8 17. Nxa7+ Kd7 18. Nb5 Rg6 19. Na5 Rdg8 20. Rg1 Kc8 21.
Na7+ Kd8 22. Qb8+ Nxb8 23. Nb5 Rxg2 24. Rxg2 Rxg2 25. d6 Qd7 26. Kf1 {Time
forfeit} 1-0

[Event "Rated Blitz tournament woxxGthF"]
[Site "?"]
[Date "2021.03.25"]
[Round "?"]
[White "hectorluis2019"]
[Black "frundenyjengen"]
[Result "1-0"]
[WhiteElo "2434"]
[BlackElo "2221"]
[PlyCount "125"]
[EventDate "2021.??.??"]
[EventType "blitz"]

1. e4 e5 2. Nf3 d5 3. Nxe5 Qe7 4. d4 f6 5. Nf3 Bg4 6. Be2 dxe4 7. Nfd2 Bf5 8.
O-O Nc6 9. c3 O-O-O 10. Bg4 g6 11. Re1 Kb8 12. Na3 Bxg4 13. Qxg4 f5 14. Qe2 Nf6
15. Ndc4 Qf7 16. Bf4 Nd5 17. Ne5 Nxf4 18. Nxf7 Nxe2+ 19. Rxe2 Bg7 20. Nxh8 Bxh8
21. f3 exf3 22. gxf3 Bf6 23. Rae1 Kc8 24. Re8 Kd7 25. Rxd8+ Nxd8 26. Nc4 Ne6
27. Ne5+ Bxe5 28. Rxe5 c6 29. Kf2 Nf4 30. Ke3 Ng2+ 31. Kd2 Nf4 32. a4 a6 33. b4
b5 34. axb5 axb5 35. Re1 Kd6 36. Ra1 h5 37. Ra7 Kd5 38. Rd7+ Ke6 39. Rc7 Kd6
40. Rg7 Ke6 41. h4 Kd6 42. Ke3 Ng2+ 43. Kf2 Nf4 44. Ke3 Ng2+ 45. Kd2 Nxh4 46.
f4 Kd5 47. Kd3 Ng2 48. Rd7+ Ke6 49. Rc7 Kd6 50. Rg7 Nxf4+ 51. Ke3 Nd5+ 52. Kf3
Ne7 53. Kf4 Ke6 54. Kg5 Nd5 55. Rxg6+ Kd7 56. Rg7+ Kd6 57. Rg6+ Kc7 58. Rh6 Kb6
59. Kxf5 Nxc3 60. Ke5 Na2 61. Rxh5 Nxb4 62. Rh6 Nd5 63. Kd6 {Time forfeit} 1-0

[Event "Rated Blitz tournament dvq8cPf3"]
[Site "?"]
[Date "2021.03.25"]
[Round "?"]
[White "Prosha2007"]
[Black "Schachelite"]
[Result "1-0"]
[WhiteElo "2203"]
[BlackElo "2439"]
[PlyCount "39"]
[EventDate "2021.??.??"]
[EventType "blitz"]

1. e4 e5 2. Nf3 d5 3. exd5 e4 4. Qe2 Nf6 5. d3 Qxd5 6. Nbd2 Nc6 7. dxe4 Qe6 8.
Qc4 Qe7 9. Be2 Be6 10. Qa4 O-O-O 11. O-O h6 12. Bb5 Bd7 13. Bxc6 Bxc6 14. Qxa7
Nxe4 15. Nxe4 Qxe4 16. Be3 g5 17. Rad1 Bd6 18. Rd4 Qxc2 19. Ne5 f5 20. Qa8# {
Normal} 1-0

[Event "Rated Blitz game"]
[Site "?"]
[Date "2021.03.25"]
[Round "?"]
[White "Alethiometer"]
[Black "DarthZannah"]
[Result "1-0"]
[WhiteElo "2433"]
[BlackElo "2528"]
[PlyCount "147"]
[EventDate "2021.??.??"]
[EventType "blitz"]

1. e4 e5 2. Nf3 d5 3. Nxe5 dxe4 4. Bc4 Qg5 5. Nxf7 Qxg2 6. Rf1 Bg4 7. Be2 Bxe2
8. Qxe2 Kxf7 9. Qh5+ Ke7 10. Qc5+ Ke8 11. Qb5+ Nd7 12. Qxb7 Rb8 13. Qxc7 Ngf6
14. Nc3 Bc5 15. b3 Qf3 16. Bb2 Ng4 17. Qg3 Rf8 18. Qxf3 exf3 19. Ne4 Bb6 20.
Bxg7 Rf4 21. d3 Nxh2 22. Rh1 Ng4 23. Rxh7 Ba5+ 24. c3 Nge5 25. O-O-O Nf7 26.
Re1 Kd8 27. Bd4 a6 28. Rg1 Kc7 29. Rgg7 Rf8 30. Be3 Rf5 31. Ng3 Rf6 32. Bd4 Rf4
33. Ne4 Bb6 34. Ng5 Bxd4 35. Ne6+ Kd6 36. Nxf4 Bxg7 37. Rxg7 Nfe5 38. Ng6 Rf6
39. Nxe5 Nxe5 40. Kd2 Rh6 41. Ra7 Rh2 42. Rxa6+ Ke7 43. Ke3 Rg2 44. d4 Ng4+ 45.
Kxf3 Rg1 46. Ra7+ Kd6 47. c4 Nh2+ 48. Ke2 Rb1 49. Rf7 Ng4 50. Rf4 Nh2 51. Rh4
Rb2+ 52. Ke3 Nf1+ 53. Kd3 Rxa2 54. c5+ Kc6 55. Rh6+ Kc7 56. d5 Rxf2 57. Kc4
Ne3+ 58. Kb5 Nxd5 59. Rh7+ Kd8 60. c6 Nc7+ 61. Kb6 Nd5+ 62. Kb7 Rb2 63. Rd7+
Ke8 64. Rxd5 Rxb3+ 65. Kc7 Rc3 66. Rd4 Rb3 67. Kc8 Ke7 68. c7 Rb2 69. Re4+ Kf7
70. Kd7 Rd2+ 71. Kc6 Rc2+ 72. Kd6 Rd2+ 73. Kc5 Rc2+ 74. Rc4 {Normal} 1-0

[Event "Rated Blitz tournament wCsZ3tMJ"]
[Site "?"]
[Date "2021.03.25"]
[Round "?"]
[White "behzad200"]
[Black "funny_chess"]
[Result "0-1"]
[WhiteElo "2214"]
[BlackElo "2664"]
[PlyCount "110"]
[EventDate "2021.??.??"]
[EventType "blitz"]

1. e4 e5 2. Nf3 d5 3. exd5 e4 4. Nd4 Qxd5 5. Nb3 Nf6 6. Nc3 Qe5 7. Be2 Bd6 8.
g3 O-O 9. d4 exd3 10. Qxd3 Nc6 11. Be3 Bf5 12. Qb5 Bxc2 13. Qxe5 Nxe5 14. Nd4
Bg6 15. h4 h6 16. O-O-O a6 17. f3 Rfe8 18. Bf4 Nh5 19. Bxe5 Bxe5 20. f4 Bxd4
21. Rxd4 Nxg3 22. Re1 Re7 23. Nd5 Ree8 24. Nxc7 Rac8 25. Kd2 Rxc7 26. Bf3 Rxe1
27. Kxe1 Nf5 28. Rd8+ Kh7 29. Be4 Nxh4 30. Bxg6+ Kxg6 31. Rd5 Ng2+ 32. Kd2 Nxf4
33. Rd6+ Ne6 34. a3 h5 35. Rd3 h4 36. Rh3 Kh5 37. Ke3 g5 38. Rh1 g4 39. Rf1 Kg5
40. Ke4 h3 41. Ke5 h2 42. Rf5+ Kh4 43. Rf6 Kg3 44. Rh6 Ng5 45. Kf5 Nh3 46. Kf6
Rc6+ 47. Kg7 Rxh6 48. Kxh6 h1=Q 49. Kg7 Qc6 50. b4 Kf4 51. Kxf7 g3 52. Ke7 Kf5
53. b5 Qc7+ 54. Kf8 Kf6 55. b6 Qc8# {Normal} 0-1

[Event "Rated Blitz game"]
[Site "?"]
[Date "2021.03.25"]
[Round "?"]
[White "elgalgo2017"]
[Black "anjaya01"]
[Result "1-0"]
[WhiteElo "2458"]
[BlackElo "2363"]
[PlyCount "65"]
[EventDate "2021.??.??"]
[EventType "blitz"]

1. e4 e5 2. Nf3 d5 3. exd5 Bd6 4. d4 e4 5. Ne5 f5 6. Bb5+ Kf8 7. c4 a6 8. Ba4
b5 9. cxb5 axb5 10. Bxb5 Nf6 11. Nc3 Bb7 12. O-O Nxd5 13. Qh5 Bxe5 14. dxe5 g6
15. Qh6+ Kf7 16. Rd1 c6 17. Bc4 Na6 18. Bg5 Qf8 19. Qh4 h6 20. Bf6 Rh7 21. Nxd5
cxd5 22. Rxd5 Bxd5 23. Bxd5+ Ke8 24. Bxa8 Nc5 25. Bc6+ Kf7 26. Qh3 Qb8 27. Qe3
Qxb2 28. Rc1 Nd3 29. Bd5+ Ke8 30. Rf1 Rb7 31. Qxh6 Qb1 32. Qh8+ Kd7 33. Qd8# {
Normal} 1-0

[Event "Rated Blitz game"]
[Site "?"]
[Date "2021.03.25"]
[Round "?"]
[White "Jenlen3001"]
[Black "gM_SekharumeL"]
[Result "0-1"]
[WhiteElo "2548"]
[BlackElo "2275"]
[PlyCount "52"]
[EventDate "2021.??.??"]
[EventType "blitz"]

1. e4 e5 2. Nf3 d5 3. Nxe5 Qe7 4. d4 dxe4 5. Nc3 Nf6 6. Bc4 Be6 7. Qe2 Nbd7 8.
Bxe6 Qxe6 9. Bf4 Bb4 10. O-O Bxc3 11. bxc3 O-O 12. a4 c6 13. Rab1 Nxe5 14. Bxe5
Nd5 15. Rxb7 Nxc3 16. Qe3 Nd5 17. Qxe4 f6 18. c4 Ne7 19. Qh4 Ng6 20. Qe4 fxe5
21. d5 cxd5 22. cxd5 Qf5 23. Qc4 Rac8 24. Qb3 Qxf2+ 25. Rxf2 Rc1+ 26. Rf1
Rcxf1# {Normal} 0-1

[Event "Rated Rapid game"]
[Site "?"]
[Date "2021.03.25"]
[Round "?"]
[White "Goldenfreddy07"]
[Black "Melladov"]
[Result "1-0"]
[WhiteElo "2587"]
[BlackElo "2621"]
[PlyCount "25"]
[EventDate "2021.??.??"]
[EventType "rapid"]

1. e4 e5 2. Nf3 d5 3. exd5 e4 4. Qe2 Nf6 5. Nc3 Be7 6. b3 O-O 7. Nxe4 Nxd5 8.
Bb2 f5 9. Nc3 Re8 10. Nxd5 Qxd5 11. O-O-O Nc6 12. Ng5 Bd7 13. Qh5 {Normal} 1-0

[Event "Rated Blitz game"]
[Site "?"]
[Date "2021.03.25"]
[Round "?"]
[White "gM_SekharumeL"]
[Black "Jenlen3001"]
[Result "0-1"]
[WhiteElo "2310"]
[BlackElo "2511"]
[PlyCount "52"]
[EventDate "2021.??.??"]
[EventType "blitz"]

1. e4 e5 2. Nf3 d5 3. exd5 e4 4. Qe2 Nf6 5. Nc3 Be7 6. Nxe4 O-O 7. Nxf6+ Bxf6
8. Qd3 Na6 9. c3 Nc5 10. Qc2 Qxd5 11. d4 Bf5 12. Qd1 Rfe8+ 13. Be3 Ne4 14. Be2
Qe6 15. O-O Nxf2 16. Bxf2 Qxe2 17. Bg3 Qxb2 18. Bxc7 Qxc3 19. Be5 Bxe5 20. Nxe5
Be6 21. Rc1 Qe3+ 22. Kh1 Rac8 23. Rxc8 Rxc8 24. Re1 Qf2 25. d5 Rc2 26. Rg1 Bh3
{Normal} 0-1

[Event "Rated Blitz game"]
[Site "?"]
[Date "2021.03.25"]
[Round "?"]
[White "weresloth"]
[Black "annaly1979"]
[Result "1/2-1/2"]
[WhiteElo "2455"]
[BlackElo "2373"]
[PlyCount "109"]
[EventDate "2021.??.??"]
[EventType "blitz"]

1. e4 e5 2. Nf3 d5 3. exd5 e4 4. Qe2 f5 5. c4 Nf6 6. Nc3 c6 7. d3 Bb4 8. dxe4
Bxc3+ 9. bxc3 Nxe4 10. Ba3 cxd5 11. cxd5 Qf6 12. Nd4 Kf7 13. Qf3 Re8 14. Be2
Nd7 15. Qh5+ Qg6 16. Qxf5+ Qxf5 17. Nxf5 Ne5 18. Ne3 Nxc3 19. Rc1 Nxe2 20. Kxe2
b6 21. Rc7+ Kg8 22. f4 Ng4 23. Bc1 Ba6+ 24. Kf3 Nxe3 25. Bxe3 Rad8 26. Rd1 Bb5
27. Rxa7 Rxd5 28. Rxd5 Bc6 29. Rad7 Ra8 30. Kg3 Bxd5 31. Rxd5 Rxa2 32. Bxb6 g6
33. Rd7 h5 34. Bd4 Ra6 35. Kh4 Ra4 36. g3 Kf8 37. Kg5 Ra6 38. h3 Ra3 39. g4
hxg4 40. hxg4 Ra6 41. Bf6 Ke8 42. Rg7 Ra5+ 43. Kxg6 Kf8 44. Rf7+ Kg8 45. Rd7
Ra8 46. Rd8+ Rxd8 47. Bxd8 Kf8 48. Bh4 Ke8 49. f5 Kf8 50. g5 Kg8 51. f6 Kh8 52.
Kf5 Kh7 53. g6+ Kh6 54. Bg5+ Kh5 55. g7 {Normal} 1/2-1/2

[Event "Rated Blitz tournament NGi1EWnw"]
[Site "?"]
[Date "2021.03.25"]
[Round "?"]
[White "darkLAW07"]
[Black "Undert4ker"]
[Result "1-0"]
[WhiteElo "2401"]
[BlackElo "2343"]
[PlyCount "51"]
[EventDate "2021.??.??"]
[EventType "blitz"]

1. e4 e5 2. Nf3 d5 3. d3 dxe4 4. dxe4 Qxd1+ 5. Kxd1 Nc6 6. Bb5 Bg4 7. Nbd2 f6
8. h3 Bh5 9. c3 O-O-O 10. Bxc6 bxc6 11. Ke2 Bc5 12. b4 Bb6 13. a4 a5 14. Nc4
Bf7 15. Nxb6+ cxb6 16. Nd2 Ne7 17. Ba3 Ng6 18. g3 h5 19. h4 Rd7 20. Rhd1 Rhd8
21. bxa5 bxa5 22. Bc5 Rd3 23. Bb6 R8d7 24. Bxa5 Kb7 25. Bb4 Ne7 26. Bxe7 {
Normal} 1-0

[Event "Rated Blitz tournament dvq8cPf3"]
[Site "?"]
[Date "2021.03.25"]
[Round "?"]
[White "cruiskeen"]
[Black "Maltinho"]
[Result "0-1"]
[WhiteElo "2338"]
[BlackElo "2516"]
[PlyCount "40"]
[EventDate "2021.??.??"]
[EventType "blitz"]

1. e4 e5 2. Nf3 d5 3. Nxe5 Bd6 4. d4 dxe4 5. Be2 Bxe5 6. dxe5 Qxd1+ 7. Bxd1 Nc6
8. Nc3 Bf5 9. g4 Bg6 10. f4 exf3 11. Bxf3 Nd4 12. O-O Nxc2 13. Bxb7 Rb8 14.
Bc6+ Kf8 15. Rb1 Nd4 16. Be4 Ne7 17. Be3 Ne2+ 18. Nxe2 Bxe4 19. Rbc1 Rxb2 20.
Ng3 Rg2+ {Normal} 0-1

[Event "Rated Blitz tournament DOTJPBFg"]
[Site "?"]
[Date "2021.03.25"]
[Round "?"]
[White "bangost"]
[Black "Turkmentiger2020"]
[Result "0-1"]
[WhiteElo "2323"]
[BlackElo "2557"]
[PlyCount "62"]
[EventDate "2021.??.??"]
[EventType "blitz"]

1. e4 e5 2. Nf3 d5 3. Nxe5 Bd6 4. d4 Nf6 5. Nxf7 Kxf7 6. e5 Re8 7. Be2 Bxe5 8.
dxe5 Rxe5 9. O-O Kg8 10. Bf4 Re8 11. Nc3 c6 12. Bf3 Bf5 13. Rc1 Nbd7 14. Qd4
Nf8 15. Be5 Ne6 16. Qb4 Ng5 17. Bg3 Nxf3+ 18. gxf3 Qd7 19. Rfe1 Bh3 20. Qd6 Qf5
21. Qf4 Rxe1+ 22. Rxe1 Qxc2 23. Qh4 Qf5 24. Re5 Re8 25. Rxe8+ Nxe8 26. Qe7 Nf6
27. f4 Qc2 28. Qe2 Qc1+ 29. Qd1 Qxb2 30. Ne2 Bg4 31. f3 Bxf3 {Normal} 0-1

[Event "Rated Blitz game"]
[Site "?"]
[Date "2021.03.25"]
[Round "?"]
[White "Fortune2004"]
[Black "MN_Supariyono"]
[Result "1-0"]
[WhiteElo "2417"]
[BlackElo "2425"]
[PlyCount "67"]
[EventDate "2021.??.??"]
[EventType "blitz"]

1. e4 e5 2. Nf3 d5 3. exd5 e4 4. Qe2 Nf6 5. d3 Bb4+ 6. c3 O-O 7. dxe4 Bc5 8.
Be3 Nxe4 9. Nbd2 Bxe3 10. Qxe3 Nxd2 11. Qxd2 Re8+ 12. Be2 Qe7 13. Nd4 Qe4 14.
O-O-O Qxd5 15. Kb1 Bf5+ 16. Nxf5 Qxf5+ 17. Bd3 Qf6 18. Rhe1 Nc6 19. f3 h6 20.
Re4 Rad8 21. Qc2 Rxe4 22. Bxe4 Rxd1+ 23. Qxd1 Qd8 24. Qe2 Na5 25. b3 c5 26. Kc2
g6 27. Qd3 Qxd3+ 28. Kxd3 b6 29. b4 cxb4 30. cxb4 f5 31. Ba8 Kf8 32. bxa5 bxa5
33. Kc4 a6 34. Kc5 {Normal} 1-0

[Event "Rated Blitz tournament dvq8cPf3"]
[Site "?"]
[Date "2021.03.25"]
[Round "?"]
[White "Luciano27"]
[Black "Schachelite"]
[Result "0-1"]
[WhiteElo "2454"]
[BlackElo "2418"]
[PlyCount "108"]
[EventDate "2021.??.??"]
[EventType "blitz"]

1. e4 e5 2. Nf3 d5 3. Nxe5 Bd6 4. d4 dxe4 5. Nc3 Nf6 6. Be2 O-O 7. O-O Nc6 8.
Nxc6 bxc6 9. Bg5 Re8 10. f3 e3 11. Ne4 Be7 12. Bxe3 Rb8 13. b3 Nd5 14. Bd2 f5
15. Nc3 Ne3 16. Bxe3 Bd6 17. Bf2 Qg5 18. Bc4+ Kh8 19. Ne2 Bd7 20. f4 Qf6 21.
Bd3 Rbd8 22. Qd2 Bc8 23. Ng3 c5 24. Rfe1 Rxe1+ 25. Rxe1 cxd4 26. Bc4 c5 27. Qe2
Qg6 28. Qf3 h6 29. Qh5 Qxh5 30. Nxh5 Bb7 31. Bh4 Rf8 32. Re6 Bb8 33. Be7 Re8
34. Bf6 Rxe6 35. Bxg7+ Kh7 36. Bxe6 Kg6 37. g4 fxg4 38. Bxg4 Be4 39. f5+ Bxf5
40. Bxf5+ Kxf5 41. Bf8 Be5 42. Bxc5 Kg4 43. Ng3 Kf3 44. Bb4 a6 45. Bd2 h5 46.
Nxh5 Kg4 47. Ng3 Kf3 48. Nf5 Ke2 49. Nxd4+ Bxd4+ 50. Kg2 Kxd2 51. h4 Kxc2 52.
h5 Kb2 53. h6 Kxa2 54. h7 Kxb3 {Time forfeit} 0-1

[Event "Rated Blitz game"]
[Site "?"]
[Date "2021.03.25"]
[Round "?"]
[White "SKlimov"]
[Black "DarthZannah"]
[Result "1-0"]
[WhiteElo "2573"]
[BlackElo "2533"]
[PlyCount "63"]
[EventDate "2021.??.??"]
[EventType "blitz"]

1. e4 e5 2. Nf3 d5 3. Nxe5 dxe4 4. d4 Nd7 5. Bf4 Ngf6 6. Nc3 Bb4 7. Bc4 O-O 8.
O-O c6 9. Qe2 Bxc3 10. bxc3 Nd5 11. Qxe4 Nxc3 12. Qf3 Nd5 13. Bg3 Nxe5 14. dxe5
Be6 15. Bd3 f5 16. exf6 Nxf6 17. Rfe1 Bd5 18. Qf5 Qc8 19. c4 Qxf5 20. Bxf5 Bxc4
21. a4 Rfe8 22. Reb1 b5 23. axb5 cxb5 24. Ra5 Re7 25. h4 a6 26. Rba1 b4 27. Bd6
Rb7 28. R5a4 a5 29. Rxa5 Rxa5 30. Rxa5 b3 31. Ra8+ Kf7 32. Rf8# {Normal} 1-0

[Event "Rated Blitz game"]
[Site "?"]
[Date "2021.03.25"]
[Round "?"]
[White "Bibekthing"]
[Black "KamranShirazi"]
[Result "0-1"]
[WhiteElo "2394"]
[BlackElo "2503"]
[PlyCount "70"]
[EventDate "2021.??.??"]
[EventType "blitz"]

1. e4 e5 2. Nf3 d5 3. exd5 e4 4. Qe2 Nf6 5. d3 Bb4+ 6. Bd2 O-O 7. dxe4 a5 8.
Bxb4 axb4 9. Nbd2 Re8 10. Qc4 c6 11. dxc6 Nxc6 12. Bd3 Be6 13. Qc5 Nd7 14. Qe3
Qf6 15. O-O Qxb2 16. Rfb1 Qc3 17. a4 bxa3 18. e5 Qc5 19. Rxb7 Qxe3 20. fxe3
Ndxe5 21. Ng5 Bd5 22. e4 Nd8 23. Rb6 Bc6 24. Rb3 h6 25. Ngf3 a2 26. Rb2 Nxd3
27. cxd3 Ne6 28. Rbxa2 Rxa2 29. Rxa2 Nf4 30. Ra3 Bb5 31. d4 f5 32. e5 Rd8 33.
Kf2 Nd3+ 34. Ke3 Ne1 35. g3 Nc2+ {Normal} 0-1

[Event "Rated Blitz game"]
[Site "?"]
[Date "2021.03.25"]
[Round "?"]
[White "imdejong"]
[Black "Dzon_Vejn"]
[Result "0-1"]
[WhiteElo "2528"]
[BlackElo "2468"]
[PlyCount "134"]
[EventDate "2021.??.??"]
[EventType "blitz"]

1. e4 e5 2. Nf3 d5 3. exd5 e4 4. Qe2 Nf6 5. Nc3 Be7 6. Nxe4 O-O 7. d3 Nxd5 8.
Qd1 Re8 9. Be2 Nc6 10. O-O f5 11. Ng3 Bf6 12. c3 g6 13. Re1 Kg7 14. Qd2 f4 15.
Ne4 Be7 16. c4 Bb4 17. Nc3 Nxc3 18. bxc3 Bd6 19. d4 b6 20. a4 Bf5 21. Ba3 Bxa3
22. Rxa3 Qd6 23. Raa1 Re7 24. Bf1 Rae8 25. Rxe7+ Rxe7 26. Re1 Rxe1 27. Nxe1 g5
28. Bd3 Bd7 29. Qe2 Ne7 30. Nf3 h6 31. a5 bxa5 32. c5 Qf6 33. Ne5 Be8 34. Qe4
Ng6 35. h4 Nxe5 36. Qh7+ Kf8 37. dxe5 Qxe5 38. Qxh6+ Qg7 39. hxg5 Qxh6 40. gxh6
Bf7 41. Bb5 a6 42. Ba4 Bc4 43. g4 fxg3 44. fxg3 Bb5 45. Bb3 a4 46. Ba2 Be8 47.
Kf2 Bf7 48. Bb1 a3 49. Ke3 a2 50. Bxa2 Bxa2 51. g4 Kf7 52. g5 Bb1 53. Kd4 Ke6
54. Kc4 Kd7 55. Kb4 Kc6 56. c4 a5+ 57. Kxa5 Kxc5 58. Ka6 Kxc4 59. Kb7 c5 60.
Kc6 Kb4 61. Kd6 c4 62. Ke5 c3 63. Kf6 c2 64. g6 c1=Q 65. h7 Qc3+ 66. Kf7 Qf3+
67. Kg7 Qc3+ {Time forfeit} 0-1

[Event "Rated Blitz game"]
[Site "?"]
[Date "2021.03.25"]
[Round "?"]
[White "Rabbitti"]
[Black "TheMonsterNotTheNM"]
[Result "0-1"]
[WhiteElo "2403"]
[BlackElo "2404"]
[PlyCount "104"]
[EventDate "2021.??.??"]
[EventType "blitz"]

1. e4 e5 2. Nf3 d5 3. exd5 e4 4. Qe2 Nf6 5. Nc3 Be7 6. Nxe4 O-O 7. d3 Nxd5 8.
Be3 f5 9. Nc3 Nxc3 10. bxc3 Bf6 11. d4 Re8 12. g3 c5 13. Qc4+ Be6 14. Qxc5 f4
15. gxf4 Nd7 16. Qh5 Qc7 17. Bd3 Qxc3+ 18. Ke2 h6 19. Rhg1 Bc4 20. Bxc4+ Qxc4+
21. Kd2 Rac8 22. Qg6 Qc3+ 23. Ke2 Qxc2+ 24. Qxc2 Rxc2+ 25. Kd3 Rcc8 26. Rab1 b6
27. Ne5 Rcd8 28. Nc6 Nc5+ 29. Kc4 Rd6 30. Nxa7 Ne6 31. Nb5 Rc6+ 32. Kd3 Rd8 33.
Rgc1 Rxc1 34. Rxc1 Nc5+ 35. Ke2 Ne6 36. Rc6 Nf8 37. Rxb6 Ng6 38. Nc3 Bxd4 39.
Bxd4 Rxd4 40. a4 Nxf4+ 41. Ke3 Rc4 42. Rb8+ Kh7 43. Ne4 Nd5+ 44. Kd3 Rc6 45.
Rb7 Ra6 46. Kd4 Nb6 47. a5 Na4 48. Rb5 Ra7 49. Nd6 Nb2 50. Kd5 Rd7 51. Ke6 Rd8
52. Nf7 Re8+ {Time forfeit} 0-1

[Event "Rated Blitz tournament 677cukmV"]
[Site "?"]
[Date "2021.03.25"]
[Round "?"]
[White "maskurr"]
[Black "daelovaaa"]
[Result "0-1"]
[WhiteElo "2230"]
[BlackElo "2473"]
[PlyCount "30"]
[EventDate "2021.??.??"]
[EventType "blitz"]

1. e4 e5 2. Nf3 d5 3. exd5 e4 4. Qe2 Nf6 5. Nc3 Be7 6. Nxe4 O-O 7. d3 Qxd5 8.
Nxf6+ Bxf6 9. c3 Nc6 10. Be3 Bg4 11. h3 Bh5 12. g4 Bg6 13. g5 Ne5 14. gxf6 Bxd3
15. Kd1 Bxe2+ {Normal} 0-1

[Event "Rated Blitz tournament AQJOSG6e"]
[Site "?"]
[Date "2021.03.25"]
[Round "?"]
[White "michaeljoshua"]
[Black "Bagli069"]
[Result "1-0"]
[WhiteElo "2407"]
[BlackElo "2266"]
[PlyCount "81"]
[EventDate "2021.??.??"]
[EventType "blitz"]

1. e4 e5 2. Nf3 d5 3. exd5 Qxd5 4. Nc3 Qa5 5. Qe2 Nc6 6. d4 Bb4 7. Bd2 Nge7 8.
dxe5 Bg4 9. Qb5 O-O-O 10. Qxa5 Bxa5 11. Ng5 Nxe5 12. f4 f6 13. fxe5 fxg5 14. h3
Be6 15. O-O-O Nc6 16. Bb5 Rhe8 17. Rhe1 h6 18. a3 a6 19. Bxc6 bxc6 20. Ne4
Bxd2+ 21. Rxd2 Bd5 22. Nc5 a5 23. e6 Re7 24. Rde2 Bc4 25. Re4 Bd5 26. R4e2 Bc4
27. Re3 Rd5 28. b4 Kb8 29. Re4 Bb5 30. Re5 axb4 31. axb4 Bc4 32. g3 Ka7 33.
Rxd5 Bxd5 34. Kb2 Kb6 35. Kc3 Kb5 36. Ra1 Re8 37. Re1 Re7 38. Kd4 Kxb4 39. c4
Bxc4 40. Rb1+ Ka3 41. Kxc4 {Normal} 1-0

[Event "Rated Blitz tournament dvq8cPf3"]
[Site "?"]
[Date "2021.03.25"]
[Round "?"]
[White "StepanOsinovsky"]
[Black "Maltinho"]
[Result "1-0"]
[WhiteElo "2403"]
[BlackElo "2522"]
[PlyCount "75"]
[EventDate "2021.??.??"]
[EventType "blitz"]

1. e4 e5 2. Nf3 d5 3. d4 dxe4 4. Nxe5 Bd6 5. Nc4 Nf6 6. Be2 Nc6 7. O-O Nxd4 8.
Nc3 Nxe2+ 9. Qxe2 O-O 10. Nxd6 Qxd6 11. Nxe4 Qe5 12. Nxf6+ Qxf6 13. c3 Qg6 14.
Bf4 c6 15. Rfe1 Be6 16. b3 Bd5 17. Bg3 h5 18. c4 Be6 19. Rad1 Rfd8 20. Qe3 Bg4
21. Rxd8+ Rxd8 22. Qxa7 Qe4 23. f3 Qc2 24. fxg4 Rd2 25. Bf2 hxg4 26. Rf1 g3 27.
hxg3 b5 28. cxb5 cxb5 29. Qb8+ Kh7 30. Qxb5 Qxa2 31. Qc4 f6 32. Qe4+ Kg8 33.
Qe6+ Kh7 34. Qf5+ Kg8 35. Rc1 Qb2 36. Rc8+ Kf7 37. Rc7+ Kf8 38. Qc8+ {Normal}
1-0

[Event "Rated Blitz game"]
[Site "?"]
[Date "2021.03.25"]
[Round "?"]
[White "KorabSaraci"]
[Black "vitvol8303"]
[Result "0-1"]
[WhiteElo "2430"]
[BlackElo "2410"]
[PlyCount "60"]
[EventDate "2021.??.??"]
[EventType "blitz"]

1. e4 e5 2. Nf3 d5 3. exd5 e4 4. Ne5 Nd7 5. d4 Ngf6 6. c4 Bb4+ 7. Bd2 Bd6 8.
Bc3 Qe7 9. Nxd7 Bxd7 10. Be2 b6 11. O-O h6 12. Nd2 h5 13. h3 Ng4 14. Bxg4 hxg4
15. Nxe4 gxh3 16. Nxd6+ Qxd6 17. Re1+ Kf8 18. g3 h2+ 19. Kh1 c6 20. Qd2 a5 21.
dxc6 Qxc6+ 22. d5 Qxc4 23. Qg5 f6 24. Bxf6 Rh7 25. Re7 Qg4 26. Bxg7+ Rxg7 27.
Qf6+ Kg8 28. Rxg7+ Qxg7 29. Qxg7+ Kxg7 30. Kxh2 Bg4 {Time forfeit} 0-1